[Event "HUN-chT2 Charousek 0809"]
[Site "Hungary"]
[Date "2008.12.21"]
[Round "4"]
[White "Szakony, Laszlo"]
[Black "Tancsa, Robert"]
[Result "0-1"]
[WhiteElo "2209"]
[BlackElo "2221"]
[PlyCount "114"]
[EventDate "2008.10.26"]
[EventType "team-tourn"]
[EventRounds "11"]
[EventCountry "HUN"]
[SourceTitle "EXT 2010"]
[Source "ChessBase"]
[SourceDate "2010.11.25"]
[SourceVersion "1"]
[SourceVersionDate "2010.11.25"]
[SourceQuality "1"]
[WhiteTeam "Csuti II"]
[BlackTeam "Paks II"]
[WhiteTeamCountry "HUN"]
[BlackTeamCountry "HUN"]

1. b3 c5 2. Bb2 Nc6 3. e3 Nf6 4. f4 d5 5. Nf3 e6 6. Bb5 Be7 7. 0-0 0-0 8. Bxc6 bxc6 9. Ne5 Qb6 10. Nc3 Rd8 11. Qf3 c4 12. Na4 Qa6 13. d3 cxd3 14. cxd3 Nd7 15. Rac1 Nxe5 16. fxe5 Rf8 17. Bd4 Qxd3 18. Rxc6 Ba6 19. Rd1 Qe2 20. Nc3 Qxf3 21. gxf3 Bc8 22. Rc1 a5 23. Rc7 Ba3 24. Rc2 Ba6 25. Na4 Bb5 26. Nb6 Ra6 27. Rb7 a4 28. Rcc7 axb3 29. axb3 h6 30. b4 Bxb4 31. Nc8 Ba5 32. Rc1 Bd3 33. Nd6 Raa8 34. Ra1 Bg6 35. f4 Bd2 36. Rxa8 Rxa8 37. f5 Bh5 38. fxe6 fxe6 39. Rc7 Rf8 40. Rc6 Rf3 41. e4 Rd3 42. Bf2 Bf4 43. exd5 Rxd5 44. Nc4 Be2 45. Rc8+ Kh7 46. Nb6 Rxe5 47. Nd7 Rg5+ 48. Bg3 Be3+ 49. Kg2 Kg6 50. Ne5+ Kh5 51. Re8 Rf5 52. h3 Rf6 53. Nd7 Bf3+ 54. Kh2 Rf5 55. Rxe6 Bd4 56. Ne5 Bd5 57. Re7 Rf1 0-1

[Event "HUN-chT2 Asztalos 0708"]
[Site "Hungary"]
[Date "2008.03.02"]
[Round "7"]
[White "Seres, Sandor"]
[Black "Tancsa, Robert"]
[Result "1/2-1/2"]
[WhiteElo "2189"]
[BlackElo "2236"]
[PlyCount "72"]
[EventDate "2007.10.14"]
[EventType "team"]
[EventRounds "11"]
[EventCountry "HUN"]
[SourceTitle "EXT 2009"]
[Source "ChessBase"]
[SourceDate "2008.11.26"]
[SourceVersion "1"]
[SourceVersionDate "2008.11.26"]
[SourceQuality "1"]
[WhiteTeam "Mohacs"]
[BlackTeam "Paks ASE"]
[WhiteTeamCountry "HUN"]
[BlackTeamCountry "HUN"]

1. c4 g6 2. Nc3 Bg7 3. d4 Nf6 4. Nf3 0-0 5. e4 d6 6. Be2 e5 7. dxe5 dxe5 8. Bg5 Qe8 9. Qd2 Bg4 10. h3 Bxf3 11. Bxf3 Nc6 12. Nd5 Nxd5 13. cxd5 Nd4 14. Be2 h6 15. Be3 c6 16. Bc4 Rc8 17. 0-0 b5 18. Bb3 Kh7 19. dxc6 Qxc6 20. Bd5 Qd6 21. Rac1 f5 22. Bxd4 exd4 23. Rxc8 Rxc8 24. Qd3 b4 25. Bb3 f4 26. f3 Rc5 27. Rd1 Be5 28. Bd5 Qc7 29. Qa6 Rc1 30. Rxc1 Qxc1+ 31. Kh2 Qe1 32. Qe6 Qg3+ 33. Kg1 Qe1+ 34. Kh2 Qg3+ 35. Kg1 Qe1+ 36. Kh2 Qg3+ 1/2-1/2

[Event "HUN-chT2 Asztalos 0708"]
[Site "Hungary"]
[Date "2008.02.17"]
[Round "6"]
[White "Tancsa, Robert"]
[Black "Baki, Peterne"]
[Result "1-0"]
[WhiteElo "2236"]
[BlackElo "2142"]
[PlyCount "73"]
[EventDate "2007.10.14"]
[EventType "team"]
[EventRounds "11"]
[EventCountry "HUN"]
[SourceTitle "EXT 2009"]
[Source "ChessBase"]
[SourceDate "2008.11.26"]
[SourceVersion "1"]
[SourceVersionDate "2008.11.26"]
[SourceQuality "1"]
[WhiteTeam "Paks ASE"]
[BlackTeam "Dombovar"]
[WhiteTeamCountry "HUN"]
[BlackTeamCountry "HUN"]

1. e4 e5 2. Nf3 Nc6 3. Bb5 a6 4. Ba4 Nf6 5. 0-0 Nxe4 6. d4 b5 7. Bb3 d5 8. dxe5 Be6 9. c3 Nc5 10. Bc2 Bg4 11. h3 Bh5 12. Re1 Be7 13. Nbd2 d4 14. Nb3 d3 15. Bb1 Nxb3 16. axb3 Bg6 17. b4 0-0 18. Re3 a5 19. Bxd3 axb4 20. Rxa8 Qxa8 21. Bxb5 Rd8 22. Qa4 Qxa4 23. Bxa4 Na5 24. Re1 bxc3 25. bxc3 Nc4 26. Rd1 Be4 27. Rxd8+ Bxd8 28. Bb3 Na5 29. Bd1 c5 30. Be3 Be7 31. Nd2 Bd3 32. f4 f6 33. Bf3 fxe5 34. Bd5+ Kf8 35. fxe5 Ke8 36. Kf2 Kd7 37. Bf4 1-0

[Event "HUN-chT2 Asztalos 0708"]
[Site "Hungary"]
[Date "2007.11.25"]
[Round "3"]
[White "Szaz, Ferenc"]
[Black "Tancsa, Robert"]
[Result "0-1"]
[WhiteElo "2201"]
[BlackElo "2236"]
[PlyCount "106"]
[EventDate "2007.10.14"]
[EventType "team"]
[EventRounds "11"]
[EventCountry "HUN"]
[SourceTitle "EXT 2009"]
[Source "ChessBase"]
[SourceDate "2008.11.26"]
[SourceVersion "1"]
[SourceVersionDate "2008.11.26"]
[SourceQuality "1"]
[WhiteTeam "Komlo Banyasz"]
[BlackTeam "Paks ASE"]
[WhiteTeamCountry "HUN"]
[BlackTeamCountry "HUN"]

1. c4 g6 2. Nc3 Bg7 3. d4 Nf6 4. e4 d6 5. Be2 0-0 6. g4 c5 7. d5 e6 8. g5 Ne8 9. h4 Nc7 10. h5 exd5 11. cxd5 b5 12. Qd3 Re8 13. hxg6 hxg6 14. Rh4 Nba6 15. Qg3 Nb4 16. Kd1 Rb8 17. Nh3 c4 18. a3 Nd3 19. Bxd3 cxd3 20. Qxd3 a5 21. Ne2 b4 22. Nd4 Ba6 23. Qd2 Nb5 24. Nc6 Qb6 25. axb4 Rbc8 26. Rxa5 Rxc6 27. dxc6 Nd4 28. Ra3 Qxc6 29. Rc3 Qb5 30. Nf4 Rxe4 31. Re3 Qf1+ 32. Qe1 Qxe1+ 33. Rxe1 Rxe1+ 34. Kxe1 Nf3+ 35. Kd1 Nxh4 36. Nd5 Nf5 37. Nc7 Bb7 38. Kc2 Kf8 39. Kb3 Bd4 40. f4 Be3 41. Bxe3 Nxe3 42. Ka4 Ke7 43. Kb5 Kd7 44. Kb6 Bf3 45. Nb5 Nd5+ 46. Ka5 Nxf4 47. Nd4 Be4 48. b5 Ne6 49. Nb3 Bd5 50. Nd2 Nxg5 51. b6 Nf3 52. Nb1 Bb7 53. b4 g5 0-1

[Event "HUN-chT2 Charousek 0607"]
[Site "Hungary"]
[Date "2006.11.26"]
[Round "2"]
[White "Tancsa, Robert"]
[Black "Kosztolanczi, Gyula"]
[Result "1-0"]
[WhiteElo "2246"]
[BlackElo "2210"]
[PlyCount "91"]
[EventDate "2006.11.12"]
[EventType "team"]
[EventRounds "11"]
[EventCountry "HUN"]
[SourceTitle "EXT 2008"]
[Source "ChessBase"]
[SourceDate "2007.11.25"]
[SourceVersion "1"]
[SourceVersionDate "2007.11.25"]
[SourceQuality "1"]
[WhiteTeam "Paks II"]
[BlackTeam "Tapolca"]
[WhiteTeamCountry "HUN"]
[BlackTeamCountry "HUN"]

1. e4 d6 2. d4 Nf6 3. Nc3 Nbd7 4. Nf3 e5 5. Bc4 Be7 6. 0-0 0-0 7. Re1 c6 8. a4 b6 9. d5 c5 10. a5 bxa5 11. Bd2 Nb6 12. Bb5 Bg4 13. Qe2 Nfd7 14. h3 Bh5 15. Ra3 a6 16. Bc6 Rb8 17. g4 Bg6 18. Qxa6 h5 19. g5 h4 20. Nd1 f5 21. gxf6 Nxf6 22. Ng5 Qc8 23. Qxc8 Rfxc8 24. b3 c4 25. Rxa5 cxb3 26. cxb3 Nfd7 27. Ra7 Bxg5 28. Bxg5 Nc5 29. Nc3 Nxb3 30. Nb5 Nc4 31. Ra2 Nba5 32. Nxd6 Nxd6 33. Rxa5 Nxe4 34. Bxh4 Nd2 35. Ra3 e4 36. Bg3 Rb2 37. Rd1 Bh5 38. Rda1 Rc2 39. R3a2 Nf3+ 40. Kg2 Rc3 41. Ra3 Rc2 42. R3a2 Rc3 43. Ra4 e3 44. fxe3 Rc2+ 45. Bf2 Nh4+ 46. Rxh4 1-0

[Event "HUN-chT2 Charousek 0506"]
[Site "Hungary"]
[Date "2006.04.09"]
[Round "10"]
[White "Tancsa, Robert"]
[Black "Horvath, Tamas2222"]
[Result "0-1"]
[WhiteElo "2259"]
[BlackElo "2310"]
[PlyCount "60"]
[EventDate "2005.10.16"]
[EventType "team"]
[EventRounds "11"]
[EventCountry "HUN"]
[SourceTitle "EXT 2009"]
[Source "ChessBase"]
[SourceDate "2008.11.26"]
[SourceVersion "1"]
[SourceVersionDate "2008.11.26"]
[SourceQuality "1"]
[WhiteTeam "Paks II"]
[BlackTeam "Szenna Pack"]
[WhiteTeamCountry "HUN"]
[BlackTeamCountry "HUN"]

1. e4 c5 2. Nf3 e6 3. d4 cxd4 4. Nxd4 Nc6 5. Nc3 Qc7 6. Be2 a6 7. 0-0 Nf6 8. Kh1 d6 9. Be3 Be7 10. f4 0-0 11. a4 Re8 12. Bf3 Na5 13. Qe1 Nc4 14. Bc1 e5 15. fxe5 dxe5 16. Nf5 Bxf5 17. exf5 e4 18. Nxe4 Rac8 19. c3 Ne5 20. Bf4 Nxf3 21. Rxf3 Qc6 22. Nxf6+ Bxf6 23. Re3 Rxe3 24. Qxe3 Re8 25. Qd2 h6 26. h3 Qc4 27. Qd6 Re2 28. Bxh6 Qe4 29. Qg3 Be5 30. Qg5 Re1+ 0-1

[Event "HUN-chT2 Charousek 0506"]
[Site "Hungary"]
[Date "2006.02.26"]
[Round "8"]
[White "Tancsa, Robert"]
[Black "Guba, Miklos"]
[Result "1-0"]
[WhiteElo "2259"]
[BlackElo "2173"]
[PlyCount "71"]
[EventDate "2005.10.16"]
[EventType "team"]
[EventRounds "11"]
[EventCountry "HUN"]
[SourceTitle "EXT 2009"]
[Source "ChessBase"]
[SourceDate "2008.11.26"]
[SourceVersion "1"]
[SourceVersionDate "2008.11.26"]
[SourceQuality "1"]
[WhiteTeam "Paks II"]
[BlackTeam "Szentendre"]
[WhiteTeamCountry "HUN"]
[BlackTeamCountry "HUN"]

1. e4 d5 2. exd5 Qxd5 3. Nc3 Qa5 4. d4 Nf6 5. Nf3 Bf5 6. Bc4 c6 7. Ne5 e6 8. Qe2 Bb4 9. Bd2 0-0 10. 0-0-0 Nd5 11. Bxd5 cxd5 12. g4 Bg6 13. h4 Nc6 14. Nxc6 bxc6 15. h5 Bxc2 16. Kxc2 Rab8 17. Qd3 c5 18. Kb1 c4 19. Qc2 Ba3 20. Bc1 Bb4 21. Rh3 Rb6 22. Ka1 Rfb8 23. Nb1 Ra6 24. a3 Qb6 25. g5 e5 26. dxe5 Qe6 27. Rf3 Qe7 28. Rxd5 c3 29. Nxc3 Rc8 30. Rdd3 Qxe5 31. Qb3 Qe7 32. g6 hxg6 33. hxg6 Bxc3 34. Qxf7+ Qxf7 35. gxf7+ Kf8 36. Rxc3 1-0

[Event "HUN-chT2 Charousek 0506"]
[Site "Hungary"]
[Date "2005.11.27"]
[Round "4"]
[White "Tancsa, Robert"]
[Black "Fodor, Istvan"]
[Result "1/2-1/2"]
[WhiteElo "2259"]
[BlackElo "2189"]
[PlyCount "72"]
[EventDate "2005.10.16"]
[EventType "team"]
[EventRounds "11"]
[EventCountry "HUN"]
[SourceTitle "EXT 2009"]
[Source "ChessBase"]
[SourceDate "2008.11.26"]
[SourceVersion "1"]
[SourceVersionDate "2008.11.26"]
[SourceQuality "1"]
[WhiteTeam "Paks II"]
[BlackTeam "Husi"]
[WhiteTeamCountry "HUN"]
[BlackTeamCountry "HUN"]

1. e4 c5 2. Nf3 e6 3. d4 cxd4 4. Nxd4 Nc6 5. Nc3 Qc7 6. Be2 a6 7. 0-0 Nf6 8. Kh1 Be7 9. Be3 0-0 10. f4 d6 11. a4 Re8 12. Bf3 Bf8 13. Nb3 b6 14. e5 dxe5 15. a5 bxa5 16. Nxa5 Nxa5 17. Bxa8 Nc4 18. Qf3 Nxe3 19. Qxe3 exf4 20. Rxf4 Bd6 21. Rh4 Bxh2 22. Rf1 Be5 23. Ne4 Nxe4 24. Bxe4 f5 25. Bd3 Bf6 26. Rc4 Qf7 27. Qb6 Rd8 28. c3 Bb7 29. Be2 Bd5 30. Rd4 Qe8 31. Rxd5 exd5 32. Qxa6 Qe4 33. Qd3 Re8 34. Qxe4 fxe4 35. Rd1 Rb8 36. Rxd5 Rxb2 1/2-1/2

[Event "George Marx op"]
[Site "Paks"]
[Date "2005.06.20"]
[Round "7"]
[White "Tancsa, Robert"]
[Black "Dudas, Eszter"]
[Result "1-0"]
[WhiteElo "2253"]
[BlackElo "2002"]
[PlyCount "93"]
[EventDate "2005.06.14"]
[EventType "swiss"]
[EventRounds "9"]
[EventCountry "HUN"]
[SourceTitle "CBM 106 Extra"]
[Source "ChessBase"]
[SourceDate "2005.07.01"]
[SourceVersion "1"]
[SourceVersionDate "2005.07.01"]
[SourceQuality "1"]

1. e4 e5 2. Nf3 Nf6 3. d4 Nxe4 4. Bd3 d5 5. Nxe5 Nd7 6. Nxd7 Bxd7 7. 0-0 Qh4 8. c4 0-0-0 9. c5 f5 10. Nc3 Nf6 11. Be2 g5 12. g3 Qh3 13. Bxg5 Be7 14. Bf3 Rhg8 15. Bg2 Qg4 16. Qxg4 fxg4 17. Bxf6 Bxf6 18. Nxd5 Bg5 19. Ne3 Ba4 20. d5 h5 21. Rfe1 Bf6 22. Rab1 Bd4 23. b3 Be8 24. Rbc1 Bf7 25. d6 Bxe3 26. Rxe3 Rge8 27. Rd1 b6 28. Red3 Be6 29. Bc6 Rf8 30. d7+ Kb8 31. b4 Rf7 32. Ba4 c6 33. cxb6 Rfxd7 34. Rxd7 Rxd7 35. Rxd7 Bxd7 36. bxa7+ Kxa7 37. f4 gxf3 38. Kf2 Kb6 39. Kxf3 Bg4+ 40. Kf4 Kc7 41. Kg5 Kd6 42. Bb3 Ke5 43. a4 Kd4 44. a5 c5 45. bxc5 Kxc5 46. Bf7 Kb5 47. Bxh5 1-0

[Event "George Marx op"]
[Site "Paks"]
[Date "2005.06.19"]
[Round "6"]
[White "Videki, Sandor"]
[Black "Tancsa, Robert"]
[Result "1-0"]
[WhiteElo "2405"]
[BlackElo "2253"]
[PlyCount "97"]
[EventDate "2005.06.14"]
[EventType "swiss"]
[EventRounds "9"]
[EventCountry "HUN"]
[SourceTitle "CBM 106 Extra"]
[Source "ChessBase"]
[SourceDate "2005.07.01"]
[SourceVersion "1"]
[SourceVersionDate "2005.07.01"]
[SourceQuality "1"]

1. e4 c5 2. Nf3 d6 3. Bb5+ Bd7 4. Bxd7+ Qxd7 5. 0-0 Nf6 6. Qe2 Nc6 7. c3 e6 8. d4 Be7 9. Rd1 cxd4 10. cxd4 0-0 11. Nc3 d5 12. e5 Ne8 13. Bf4 f5 14. exf6 Bxf6 15. Ne5 Bxe5 16. Bxe5 Nxe5 17. Qxe5 Rf5 18. Qe2 Nd6 19. Rd3 Rf6 20. Rc1 Raf8 21. f3 Rg6 22. Nd1 Qb5 23. Rc2 Qb6 24. Ne3 Rf4 25. Qd1 h5 26. g3 Nf5 27. Nxf5 Rxf5 28. Rc8+ Kh7 29. Rb3 Qd6 30. Kh1 b6 31. Qc1 h4 32. g4 Rf4 33. Rd3 Rf7 34. Rc6 Qb4 35. Kg2 Qe7 36. h3 Qb4 37. a3 Qb5 38. Qc2 Rff6 39. Re3 Kg8 40. Rc8+ Kh7 41. Re5 Rf5 42. Rxe6 Rxe6 43. Qxf5+ Rg6 44. Qc2 Qd7 45. f4 Qd6 46. Kf3 Qe7 47. f5 Rf6 48. g5 Rd6 49. g6+ 1-0

[Event "George Marx op"]
[Site "Paks"]
[Date "2005.06.16"]
[Round "3"]
[White "Sikula, Vaszilij"]
[Black "Tancsa, Robert"]
[Result "1-0"]
[WhiteElo "2457"]
[BlackElo "2253"]
[PlyCount "93"]
[EventDate "2005.06.14"]
[EventType "swiss"]
[EventRounds "9"]
[EventCountry "HUN"]
[SourceTitle "CBM 106 Extra"]
[Source "ChessBase"]
[SourceDate "2005.07.01"]
[SourceVersion "1"]
[SourceVersionDate "2005.07.01"]
[SourceQuality "1"]

1. e4 c5 2. Nf3 d6 3. d4 cxd4 4. Nxd4 Nf6 5. Nc3 g6 6. Be2 Bg7 7. 0-0 0-0 8. Nb3 Nc6 9. Re1 a6 10. Bf1 b5 11. a4 b4 12. Nd5 Nd7 13. a5 Rb8 14. Ra2 Nc5 15. Be3 Nxb3 16. cxb3 Nxa5 17. Rxa5 Qxa5 18. Nxe7+ Kh8 19. Nc6 Qc7 20. Nxb8 Qxb8 21. Bd4 a5 22. Bxg7+ Kxg7 23. Qd4+ Kg8 24. Bc4 Be6 25. Rd1 Rc8 26. Bxe6 fxe6 27. Qf6 Re8 28. h4 Qd8 29. Qf4 e5 30. Qg3 Qf6 31. h5 Rc8 32. Qd3 Kg7 33. h6+ Kf8 34. Qxd6+ Qxd6 35. Rxd6 Rc1+ 36. Kh2 Rc2 37. f3 Rxb2 38. Rf6+ Kg8 39. Ra6 Rxb3 40. Rxa5 Ra3 41. Rxe5 Kf7 42. Rb5 Kf6 43. Kg3 Ra2 44. f4 Ra3+ 45. Kg4 Ra2 46. Rb6+ Kf7 47. g3 1-0

[Event "George Marx op"]
[Site "Paks"]
[Date "2005.06.15"]
[Round "2"]
[White "Tancsa, Robert"]
[Black "Gal, Peter"]
[Result "1-0"]
[WhiteElo "2253"]
[BlackElo "2065"]
[PlyCount "91"]
[EventDate "2005.06.14"]
[EventType "swiss"]
[EventRounds "9"]
[EventCountry "HUN"]
[SourceTitle "CBM 106 Extra"]
[Source "ChessBase"]
[SourceDate "2005.07.01"]
[SourceVersion "1"]
[SourceVersionDate "2005.07.01"]
[SourceQuality "1"]

1. e4 e6 2. d4 d5 3. Nc3 Bb4 4. e5 c5 5. a3 Ba5 6. b4 cxd4 7. Nb5 Bc7 8. f4 Ne7 9. Nf3 Nbc6 10. Bd3 Nf5 11. Bb2 a6 12. Nxc7+ Qxc7 13. Qd2 h5 14. Bxf5 exf5 15. 0-0 Be6 16. Rf2 0-0 17. Bxd4 b6 18. Bb2 Rfc8 19. Qd3 g6 20. Rd1 Qb7 21. Ng5 b5 22. Qg3 Kg7 23. Rfd2 Ne7 24. Bd4 a5 25. Qh4 Qd7 26. Bc5 Nc6 27. Rd3 axb4 28. axb4 Ra2 29. Qf2 Rca8 30. Re1 R8a4 31. Nf3 Qc8 32. h3 Nb8 33. Nd4 Nd7 34. Rc3 Qb7 35. Qe2 Ra1 36. Rxa1 Rxa1+ 37. Kh2 Rb1 38. Bd6 Qb6 39. Nxe6+ fxe6 40. Rc7 Qg1+ 41. Kg3 Re1 42. Rxd7+ Kg8 43. Qd2 Re3+ 44. Kh4 d4 45. Kg5 Qf1 46. Qxd4 1-0

[Event "Paks Cup IM 8th"]
[Site "Paks"]
[Date "2004.08.31"]
[Round "11"]
[White "Tancsa, Robert"]
[Black "Feher, Gyula"]
[Result "1/2-1/2"]
[WhiteElo "2253"]
[BlackElo "2395"]
[PlyCount "33"]
[EventDate "2004.08.21"]
[EventType "tourn"]
[EventRounds "11"]
[EventCountry "HUN"]
[EventCategory "3"]
[SourceTitle "CBM 102 Extra"]
[Source "ChessBase"]
[SourceDate "2004.11.03"]
[SourceVersion "1"]
[SourceVersionDate "2004.11.03"]
[SourceQuality "1"]

1. e4 c5 2. Nf3 Nc6 3. d4 cxd4 4. Nxd4 Nf6 5. Nc3 e5 6. Ndb5 d6 7. Bg5 a6 8. Na3 b5 9. Bxf6 gxf6 10. Nd5 f5 11. c3 Bg7 12. exf5 Bxf5 13. Nc2 Be6 14. g3 0-0 15. Bg2 a5 16. 0-0 f5 17. f4 1/2-1/2

[Event "HUN-chT2 Charousek 0304"]
[Site "Hungary"]
[Date "2004.04.18"]
[Round "11"]
[White "Tancsa, Robert"]
[Black "Horvath, Imre"]
[Result "0-1"]
[WhiteElo "2240"]
[BlackElo "2312"]
[PlyCount "96"]
[EventDate "2003.09.28"]
[EventType "team"]
[EventRounds "11"]
[EventCountry "HUN"]
[SourceTitle "EXT 2005"]
[Source "ChessBase"]
[SourceDate "2004.11.15"]
[SourceVersion "1"]
[SourceVersionDate "2004.11.15"]
[SourceQuality "1"]

1. e4 c5 2. Nf3 e6 3. d4 cxd4 4. Nxd4 Nf6 5. Nc3 Bb4 6. e5 Nd5 7. Bd2 Nxc3 8. bxc3 Be7 9. Qg4 g6 10. Bd3 Nc6 11. Nxc6 bxc6 12. 0-0 f5 13. Qe2 Rb8 14. Rab1 Rb6 15. f4 Qc7 16. Be3 c5 17. Rxb6 Qxb6 18. Rd1 Qa5 19. Bb5 a6 20. Bc4 Qxc3 21. Bf2 Qa3 22. Qd2 Qa4 23. Qc3 0-0 24. Rb1 Qc6 25. Qb3 Kg7 26. Bd3 h5 27. Qb6 Qd5 28. Qc7 a5 29. h3 h4 30. Rb8 c4 31. Bxc4 Qd1+ 32. Kh2 Qd2 33. Rxc8 Qxf2 34. Rxf8 Bxf8 35. Qxd7+ Kh6 36. Qc8 Qxf4+ 37. Kg1 Qe3+ 38. Kh2 Qxe5+ 39. Kg1 Qe3+ 40. Kf1 Qc1+ 41. Ke2 Qxc2+ 42. Kf1 Qd1+ 43. Kf2 Bg7 44. Be2 Qd4+ 45. Kf1 Qa1+ 46. Kf2 Bd4+ 47. Kf3 Qxa2 48. Qf8+ Bg7 0-1

[Event "HUN-chT2 Charousek 0304"]
[Site "Hungary"]
[Date "2004.04.04"]
[Round "10"]
[White "Lukacs, Peter"]
[Black "Tancsa, Robert"]
[Result "1-0"]
[WhiteElo "2410"]
[BlackElo "2240"]
[PlyCount "49"]
[EventDate "2003.09.28"]
[EventType "team"]
[EventRounds "11"]
[EventCountry "HUN"]
[SourceTitle "EXT 2005"]
[Source "ChessBase"]
[SourceDate "2004.11.15"]
[SourceVersion "1"]
[SourceVersionDate "2004.11.15"]
[SourceQuality "1"]

1. d4 Nf6 2. c4 g6 3. Nc3 Bg7 4. e4 d6 5. Nf3 0-0 6. Be2 e5 7. 0-0 exd4 8. Nxd4 Re8 9. f3 Nc6 10. Be3 Nh5 11. Qd2 Nf4 12. Rfd1 Nxe2+ 13. Ncxe2 Ne5 14. Rac1 a6 15. b3 Qe7 16. Nc3 f5 17. Nd5 Qf7 18. exf5 gxf5 19. Kh1 Be6 20. Bh6 Ng6 21. Bxg7 Kxg7 22. Re1 Kg8 23. Nxe6 Rxe6 24. Rxe6 Qxe6 25. Nxc7 1-0

[Event "HUN-chT2 Charousek 0304"]
[Site "Hungary"]
[Date "2004.02.08"]
[Round "7"]
[White "Tancsa, Robert"]
[Black "Taskovits, Istvan"]
[Result "1/2-1/2"]
[WhiteElo "2240"]
[BlackElo "2341"]
[PlyCount "51"]
[EventDate "2003.09.28"]
[EventType "team"]
[EventRounds "11"]
[EventCountry "HUN"]
[SourceTitle "EXT 2005"]
[Source "ChessBase"]
[SourceDate "2004.11.15"]
[SourceVersion "1"]
[SourceVersionDate "2004.11.15"]
[SourceQuality "1"]

1. e4 c5 2. Nf3 e6 3. d4 cxd4 4. Nxd4 a6 5. Nc3 b5 6. Bd3 Qb6 7. Be3 Bc5 8. Be2 Nc6 9. Nxc6 dxc6 10. Bxc5 Qxc5 11. Qd3 Nf6 12. Qg3 0-0 13. 0-0-0 e5 14. Qh4 Be6 15. Rd3 b4 16. Na4 Qc4 17. Rg3 Qxa2 18. Qxf6 g6 19. Nc5 Rad8 20. Bd3 Bc4 21. Rd1 Qa1+ 22. Kd2 Qxb2 23. Ke1 Qc3+ 24. Rd2 Bb5 25. Ne6 fxe6 26. Rxg6+ 1/2-1/2

[Event "HUN-chT2 Charousek 0304"]
[Site "Hungary"]
[Date "2004.01.25"]
[Round "6"]
[White "Tancsa, Robert"]
[Black "Horvath, Tamas2222"]
[Result "1/2-1/2"]
[WhiteElo "2240"]
[BlackElo "2307"]
[PlyCount "26"]
[EventDate "2003.09.28"]
[EventType "team"]
[EventRounds "11"]
[EventCountry "HUN"]
[SourceTitle "EXT 2005"]
[Source "ChessBase"]
[SourceDate "2004.11.15"]
[SourceVersion "1"]
[SourceVersionDate "2004.11.15"]
[SourceQuality "1"]

1. e4 e5 2. Nf3 Nf6 3. d4 Nxe4 4. Bd3 d5 5. dxe5 Nc5 6. Be2 Be7 7. Nbd2 0-0 8. Nb3 Nxb3 9. axb3 c5 10. c3 Nc6 11. 0-0 Bf5 12. Bd3 Bxd3 13. Qxd3 d4 1/2-1/2

[Event "Szombathely Savaria op 3rd"]
[Site "Szombathely"]
[Date "2003.07.22"]
[Round "4"]
[White "Tancsa, Robert"]
[Black "Horvath, Peter"]
[Result "1/2-1/2"]
[WhiteElo "2240"]
[BlackElo "2463"]
[PlyCount "106"]
[EventDate "2003.07.19"]
[EventType "swiss"]
[EventRounds "9"]
[EventCountry "HUN"]
[SourceTitle "CBM 095 Extra"]
[Source "ChessBase"]
[SourceDate "2003.09.04"]
[SourceVersion "1"]
[SourceVersionDate "2003.09.04"]
[SourceQuality "1"]

1. e4 c5 2. Nf3 Nc6 3. d4 cxd4 4. Nxd4 Nf6 5. Nc3 e5 6. Ndb5 d6 7. Bg5 a6 8. Na3 b5 9. Bxf6 gxf6 10. Nd5 f5 11. c3 Bg7 12. exf5 Bxf5 13. Nc2 Be6 14. g3 0-0 15. Bg2 a5 16. 0-0 f5 17. Qe2 Rb8 18. Rfd1 Qd7 19. Rd2 e4 20. Nce3 Ne5 21. Rad1 Ng6 22. Nf4 Nxf4 23. gxf4 Bxa2 24. Rxd6 Qe7 25. Qh5 Bf7 26. Qh3 Bg6 27. Rd7 Qe8 28. R1d6 Rf7 29. Rxf7 Qxf7 30. Qh4 Qf8 31. Ra6 b4 32. Rxa5 bxc3 33. bxc3 Bxc3 34. Rd5 Bf6 35. Qh3 Qf7 36. Rd6 Be7 37. Rd7 Qe6 38. Rd1 Kh8 39. Nd5 Bf8 40. Qh4 Bg7 41. Nc7 Qg8 42. Nd5 Rd8 43. Ne3 Rxd1+ 44. Nxd1 Qf8 45. Ne3 Bf6 46. Qh3 Qc5 47. Bf1 Bd4 48. Qg3 Kg7 49. h3 Kf8 50. Kh2 Qc1 51. Bg2 Qd2 52. h4 Qe2 53. Bh3 Bxe3 1/2-1/2

[Event "Szombathely Savaria op 3rd"]
[Site "Szombathely"]
[Date "2003.07.21"]
[Round "3"]
[White "Mrkonjic, Nenad"]
[Black "Tancsa, Robert"]
[Result "0-1"]
[WhiteElo "2405"]
[BlackElo "2240"]
[PlyCount "88"]
[EventDate "2003.07.19"]
[EventType "swiss"]
[EventRounds "9"]
[EventCountry "HUN"]
[SourceTitle "CBM 095 Extra"]
[Source "ChessBase"]
[SourceDate "2003.09.04"]
[SourceVersion "1"]
[SourceVersionDate "2003.09.04"]
[SourceQuality "1"]

1. e4 c5 2. b3 Nc6 3. Bb2 d6 4. Bb5 Bd7 5. Nf3 Nf6 6. Qe2 e5 7. 0-0 Be7 8. c3 a6 9. Bc4 0-0 10. Re1 h6 11. d3 Re8 12. Nbd2 Bf8 13. a4 Qc7 14. Rec1 Be6 15. Bxe6 Rxe6 16. c4 Nh5 17. g3 g6 18. Nf1 Nd4 19. Qd1 Nxf3+ 20. Qxf3 Nf6 21. Ne3 h5 22. Nd5 Qd8 23. a5 Bh6 24. Rc2 Nxd5 25. cxd5 Re8 26. Qd1 Rf8 27. Bc1 Bxc1 28. Qxc1 f5 29. Ra4 f4 30. Qf1 Qd7 31. Rac4 h4 32. Qg2 h3 33. Qf3 fxg3 34. Qxg3 Kg7 35. b4 Rf4 36. Kf1 Rc8 37. bxc5 Rg4 38. Qe3 dxc5 39. Ke2 Rg1 40. Kd2 Qb5 41. Qxh3 Rf8 42. Rxc5 Qb4+ 43. R5c3 Rxf2+ 44. Ke3 Qd4# 0-1

[Event "Szombathely Savaria op 3rd"]
[Site "Szombathely"]
[Date "2003.07.20"]
[Round "2"]
[White "Tancsa, Robert"]
[Black "Sikula, Vaszilij"]
[Result "1/2-1/2"]
[WhiteElo "2240"]
[BlackElo "2419"]
[PlyCount "58"]
[EventDate "2003.07.19"]
[EventType "swiss"]
[EventRounds "9"]
[EventCountry "HUN"]
[SourceTitle "CBM 095 Extra"]
[Source "ChessBase"]
[SourceDate "2003.09.04"]
[SourceVersion "1"]
[SourceVersionDate "2003.09.04"]
[SourceQuality "1"]

1. e4 c5 2. Nf3 e6 3. d4 cxd4 4. Nxd4 a6 5. Nc3 Qc7 6. Be2 Nf6 7. 0-0 d6 8. f4 Be7 9. Bf3 0-0 10. a4 Nc6 11. Be3 Re8 12. Kh1 Bd7 13. Nb3 b6 14. g4 Bc8 15. g5 Nd7 16. Bg2 Bf8 17. Rf3 Bb7 18. Rh3 g6 19. Qg4 Nb4 20. Nd4 Bg7 21. Qh4 Nf8 22. Qf2 Rab8 23. Rd1 Ba8 24. f5 exf5 25. exf5 Bxg2+ 26. Qxg2 Be5 27. fxg6 fxg6 28. Nd5 Nxd5 29. Qxd5+ Kg7 1/2-1/2

[Event "HUN-chT2 Charousek 0203"]
[Site "Hungary"]
[Date "2003.01.19"]
[Round "5.1"]
[White "Seres, Lajos"]
[Black "Tancsa, Robert"]
[Result "0-1"]
[WhiteElo "2462"]
[BlackElo "2223"]
[PlyCount "66"]
[EventDate "2002.09.22"]
[EventType "team"]
[EventRounds "11"]
[EventCountry "HUN"]
[SourceTitle "EXT 2004"]
[Source "ChessBase"]
[SourceDate "2003.11.25"]
[SourceVersion "1"]
[SourceVersionDate "2003.11.25"]
[SourceQuality "1"]
[WhiteTeam "Taban Spartacus"]
[BlackTeam "Paks ASE II"]
[WhiteTeamCountry "HUN"]
[BlackTeamCountry "HUN"]

1. e4 c5 2. Nf3 d6 3. d4 cxd4 4. Nxd4 Nf6 5. Nc3 g6 6. Be3 Bg7 7. f3 0-0 8. Qd2 Nc6 9. Bc4 Bd7 10. 0-0-0 Qa5 11. Kb1 Rfc8 12. Bb3 Ne5 13. h4 Nc4 14. Bxc4 Rxc4 15. Nb3 Qc7 16. Bd4 Be6 17. h5 a5 18. hxg6 hxg6 19. a4 b5 20. Nxb5 Qb7 21. Qg5 Rxa4 22. Nxd6 Qc6 23. e5 Nd5 24. Ne4 Rb8 25. Rh2 Qb5 26. Ba7 Rb7 27. Bf2 Rb8 28. Rdh1 Rxe4 29. fxe4 Nc3+ 30. bxc3 Bxb3 31. Bd4 Qe2 32. Rc1 Be6+ 33. Ka1 Qc4 0-1